000 00924nam a2200253 i 4500
001 9006
003 ES-MaACL
005 20250728103605.0
007 t|
008 930128s1992 sp ||||1| spa d
020 _a84-7658-330-3
080 _a291.1
245 0 0 _aCuestiones epistemológicas
_b: Materiales para una filosofía de la religión.
_n, . I /
_cJosé Gómez Caffarena, José María Mardones, coords.
250 _a{1ª ed.].
260 _aBarcelona :
_bAnthropos,
_c1992.
300 _a300 p. ;
_c20 cm.
490 1 _aPensamiento crítico/pensamiento utópico. Filosofía de la religión
650 4 _aReligión-
_xFilosofía
_916799
700 1 _aGómez Caffarena, José.
_957850
700 1 _aMardones, José María.
_976567
830 0 _aPensamiento crítico/pensamiento utópico. Filosofía de la religión
_9178344
852 _aES-MaACL
_jL-16535
_bR.120178
999 _c9006
_d9006